[Event "BL 1415 SV Mülheim Nord - SC Eppingen"]
[Site "?"]
[Date "2015.03.15"]
[Round "13.6"]
[White "Hausrath, Daniel"]
[Black "Medvegy, Zoltan"]
[Result "1/2-1/2"]
[WhiteElo "2508"]
[BlackElo "2526"]
[PlyCount "41"]
[EventDate "2015.??.??"]

1. Nf3 d5 2. g3 Bg4 3. Bg2 c6 4. O-O Nf6 5. d4 e6 6. Nbd2 Nbd7 7. Re1 Be7 8. e4
O-O 9. c3 dxe4 10. Nxe4 Nxe4 11. Rxe4 Bxf3 12. Bxf3 Bg5 13. Bxg5 Qxg5 14. Qb3
Rab8 15. h4 Qd8 16. Rae1 Nf6 17. Re5 Nd7 18. R5e3 Nf6 19. Re5 Nd7 20. R5e3 Nf6
21. Re5 1/2-1/2

[Event "BL 1415 SV Mülheim Nord - SC Eppingen"]
[Site "?"]
[Date "2015.03.15"]
[Round "13.7"]
[White "Noe, Christopher"]
[Black "Levin, Felix"]
[Result "1-0"]
[WhiteElo "2361"]
[BlackElo "2508"]
[PlyCount "66"]
[EventDate "2015.??.??"]

1. d4 Nf6 2. c4 e6 3. Nf3 b6 4. g3 Ba6 5. Qa4 Bb7 6. Bg2 c5 7. dxc5 bxc5 8. O-O
Be7 9. Nc3 O-O 10. Bf4 Qb6 11. Rfd1 Rd8 12. Qb3 Qxb3 13. axb3 a6 14. Bd6 Bxd6
15. Rxd6 Bc6 16. Ra5 Ra7 17. Rxc5 Rb7 18. Nd2 Bxg2 19. Kxg2 Kf8 20. Ra5 Ke7 21.
c5 Rc8 22. Na4 Rc6 23. Rxc6 dxc6 24. Nb6 e5 25. Ndc4 Ke6 26. Ra1 Nfd7 27. b4
Nxb6 28. Nxb6 Nd7 29. Rxa6 Nxb6 30. Rxb6 Rxb6 31. cxb6 Kd7 32. Kf3 Kc8 33. Ke4
f6 1-0

[Event "BL 1415 SV Mülheim Nord - SC Eppingen"]
[Site "?"]
[Date "2015.03.15"]
[Round "13.8"]
[White "Feygin, Michael"]
[Black "Bay, Nicolai"]
[Result "1-0"]
[WhiteElo "2487"]
[BlackElo "1975"]
[PlyCount "87"]
[EventDate "2015.??.??"]

1. e4 c5 2. Nf3 d6 3. d4 cxd4 4. Nxd4 Nf6 5. Nc3 a6 6. Be3 Ng4 7. Bg5 h6 8. Bh4
g5 9. Bg3 Nc6 10. Be2 Nge5 11. h4 Bg7 12. Nb3 Be6 13. hxg5 hxg5 14. Rxh8+ Bxh8
15. Qd2 f6 16. Nd5 Bf7 17. O-O-O Bg7 18. f3 e6 19. Nb4 Bf8 20. Nxc6 bxc6 21.
Bxe5 fxe5 22. Na5 Qc7 23. Qc3 Rc8 24. Qa3 d5 25. Qa4 Qb6 26. Kb1 Qb4 27. Qxb4
Bxb4 28. Bxa6 Rc7 29. Nb3 Ra7 30. Bd3 Bg6 31. c4 d4 32. c5 Kf8 33. Rc1 Be8 34.
a3 Ba5 35. Nxa5 Rxa5 36. Ka2 Ra7 37. b4 Rh7 38. a4 Ke7 39. b5 cxb5 40. axb5 Kd7
41. Kb3 Kc7 42. Ra1 Kb7 43. c6+ Kb8 44. Kb4 1-0

[Event "BL 1415 SG Solingen - OSG Baden Baden"]
[Site "?"]
[Date "2015.03.15"]
[Round "13.1"]
[White "Svidler, Peter"]
[Black "Ragger, Markus"]
[Result "1-0"]
[WhiteElo "2729"]
[BlackElo "2661"]
[PlyCount "63"]
[EventDate "2015.??.??"]

1. e4 e5 2. Nf3 Nc6 3. Bb5 Nf6 4. d3 Bc5 5. c3 O-O 6. O-O d6 7. Nbd2 Ne7 8. d4
exd4 9. cxd4 Bb6 10. Re1 Bg4 11. h3 Bh5 12. Qb3 d5 13. e5 Nd7 14. a4 a6 15. Bd3
c5 16. g4 c4 17. Bxc4 dxc4 18. Nxc4 Bg6 19. Bg5 Ba7 20. Qa3 f6 21. exf6 gxf6
22. Bh6 Nd5 23. Nd6 Qb6 24. a5 Qb4 25. Qxb4 Nxb4 26. Re7 Rad8 27. Nxb7 Nd5 28.
Rg7+ Kh8 29. Rc1 Rg8 30. Nxd8 Rxg7 31. Bxg7+ Kxg7 32. Nc6 1-0

[Event "BL 1415 SG Solingen - OSG Baden Baden"]
[Site "?"]
[Date "2015.03.15"]
[Round "13.2"]
[White "Sandipan, Chanda"]
[Black "Adams, Michael"]
[Result "1/2-1/2"]
[WhiteElo "2569"]
[BlackElo "2745"]
[PlyCount "120"]
[EventDate "2015.??.??"]

1. e4 e5 2. Nf3 Nc6 3. Bb5 a6 4. Ba4 Nf6 5. O-O Be7 6. d3 b5 7. Bb3 d6 8. a4 b4
9. a5 O-O 10. Nbd2 Be6 11. Nc4 h6 12. c3 bxc3 13. bxc3 Rb8 14. Re1 Re8 15. Ba4
Bd7 16. Ne3 Bf8 17. c4 Nb4 18. Nd5 Nfxd5 19. cxd5 Bxa4 20. Rxa4 Qd7 21. Ra3 Qb5
22. Rb3 Qxa5 23. Bd2 Qa4 24. Rxb4 Rxb4 25. Bxb4 Qxb4 26. Qc2 Rb8 27. Qxc7 Rb5
28. Qc4 Qa3 29. d4 exd4 30. Nxd4 Rc5 31. Qe2 a5 32. g3 a4 33. Kg2 Qc3 34. Qe3
g6 35. Qxc3 Rxc3 36. Ra1 Rc4 37. Nb5 Rb4 38. Nc3 Bg7 39. Ra3 Rb3 40. Rxb3 axb3
41. Nb1 Bd4 42. f4 Kg7 43. Kf3 f5 44. exf5 gxf5 45. h3 h5 46. g4 hxg4+ 47. hxg4
fxg4+ 48. Kxg4 Kg6 49. Nd2 b2 50. Nb1 Kf6 51. Nd2 Bc5 52. Nb1 Bb6 53. Nd2 Ba5
54. Nb1 Be1 55. Na3 Bd2 56. Nb1 Bb4 57. Kf3 Kf5 58. Ke3 Bc5+ 59. Kd3 Kxf4 60.
Kc3 Ke4 1/2-1/2

[Event "BL 1415 SG Solingen - OSG Baden Baden"]
[Site "?"]
[Date "2015.03.15"]
[Round "13.3"]
[White "Bacrot, Etienne"]
[Black "Nikolic, Predrag"]
[Result "1/2-1/2"]
[WhiteElo "2712"]
[BlackElo "2594"]
[PlyCount "77"]
[EventDate "2015.??.??"]

1. d4 Nf6 2. c4 e6 3. Nf3 b6 4. g3 Ba6 5. Qc2 c5 6. d5 exd5 7. cxd5 Bb7 8. Bg2
Nxd5 9. O-O Be7 10. Rd1 Nc7 11. Nc3 a6 12. Bf4 Ne6 13. Nd5 Bxd5 14. Rxd5 Ra7
15. Bxb8 Qxb8 16. Ne5 Bf6 17. Ng4 Be7 18. Rad1 d6 19. Rh5 h6 20. Bc6+ Kf8 21.
Bd5 Ng5 22. Qb3 b5 23. h4 Qc8 24. Nxh6 Rxh6 25. Rxh6 gxh6 26. hxg5 Bxg5 27. Rd3
c4 28. Qc3 Qf5 29. Qh8+ Ke7 30. Rd1 Rd7 31. Qc8 Qe5 32. e3 Rd8 33. Qb7+ Rd7 34.
Qc8 Rd8 35. Qxa6 Qxb2 36. Qb7+ Rd7 37. Qc8 Rd8 38. Qc7+ Rd7 39. Qc8 1/2-1/2

[Event "BL 1415 SG Solingen - OSG Baden Baden"]
[Site "?"]
[Date "2015.03.15"]
[Round "13.4"]
[White "Naumann, Alexander"]
[Black "Shirov, Alexei"]
[Result "1/2-1/2"]
[WhiteElo "2542"]
[BlackElo "2691"]
[PlyCount "54"]
[EventDate "2015.??.??"]

1. d4 d5 2. c4 c6 3. Nf3 Nf6 4. Nc3 e6 5. Bg5 dxc4 6. e4 b5 7. e5 h6 8. Bh4 g5
9. Nxg5 hxg5 10. Bxg5 Nbd7 11. exf6 Bb7 12. g3 c5 13. d5 Qb6 14. Bg2 b4 15. O-O
O-O-O 16. Rb1 Qa6 17. dxe6 Bxg2 18. e7 Bxf1 19. Qd5 Bxe7 20. fxe7 Bd3 21. Ne4
Bxb1 22. Nd6+ Kc7 23. Bf4 Kb6 24. Nxc4+ Kb5 25. Nd6+ Kb6 26. Nc4+ Kb5 27. Nd6+
Kb6 1/2-1/2

[Event "BL 1415 SG Solingen - OSG Baden Baden"]
[Site "?"]
[Date "2015.03.15"]
[Round "13.5"]
[White "Naiditsch, Arkadij"]
[Black "Handke, Florian"]
[Result "1-0"]
[WhiteElo "2711"]
[BlackElo "2535"]
[PlyCount "75"]
[EventDate "2015.??.??"]

1. e4 c5 2. Nf3 e6 3. d4 cxd4 4. Nxd4 a6 5. Bd3 g6 6. f4 Bg7 7. Nf3 Nc6 8. O-O
d5 9. e5 Qb6+ 10. Kh1 Nge7 11. c3 Bd7 12. Qe2 Qc7 13. Be3 f6 14. Nbd2 O-O 15.
Bc5 fxe5 16. fxe5 Rf7 17. Bd6 Qb6 18. Nb3 Raf8 19. Nc5 Bc8 20. b4 Re8 21. Ng5
Rxf1+ 22. Rxf1 Nf5 23. Bxf5 exf5 24. Qd1 Qb5 25. Rf4 h6 26. a4 Qb6 27. Qxd5+
Kh8 28. Qf7 Qd8 29. Nge6 Bxe6 30. Nxe6 Rxe6 31. Qxe6 Nxe5 32. Rf1 Qd7 33. Qxd7
Nxd7 34. Re1 Nf6 35. Re7 Ne4 36. Be5 Bxe5 37. Rxe5 Nxc3 38. a5 1-0

[Event "BL 1415 SG Solingen - OSG Baden Baden"]
[Site "?"]
[Date "2015.03.15"]
[Round "13.6"]
[White "Appel, Ralf"]
[Black "Nielsen, Peter Heine"]
[Result "1/2-1/2"]
[WhiteElo "2524"]
[BlackElo "2660"]
[PlyCount "95"]
[EventDate "2015.??.??"]

1. d4 Nf6 2. Nf3 d5 3. c4 e6 4. g3 Bb4+ 5. Bd2 Be7 6. Bg2 c6 7. Qc2 O-O 8. O-O
b6 9. Bf4 Nbd7 10. cxd5 cxd5 11. Nc3 Bb7 12. Rfc1 Rc8 13. Qb3 a6 14. a4 h6 15.
h3 Nh5 16. Bd2 Bd6 17. Na2 Qe7 18. Bb4 Nhf6 19. Ne5 Bxb4 20. Nxb4 Nxe5 21. dxe5
Nd7 22. Nd3 Rfd8 23. f4 a5 24. Qb5 Ra8 25. Rc7 Ba6 26. Qc6 Rac8 27. Qd6 Qxd6
28. exd6 Bxd3 29. exd3 Rxc7 30. dxc7 Rc8 31. Rc1 Nc5 32. d4 Na6 33. Rc6 Rxc7
34. Rxb6 Nb4 35. Rb5 Ra7 36. Rc5 Nd3 37. Rc8+ Kh7 38. b3 Rb7 39. Rc3 Nb4 40.
Bf1 Kg6 41. Rc5 Ra7 42. Kf2 Kf6 43. Bb5 Ke7 44. Rc8 Kd6 45. Rd8+ Ke7 46. Rc8
Kd6 47. Rd8+ Ke7 48. Rc8 1/2-1/2

[Event "BL 1415 SG Solingen - OSG Baden Baden"]
[Site "?"]
[Date "2015.03.15"]
[Round "13.7"]
[White "Meier, Georg"]
[Black "Andersen, Mads"]
[Result "1-0"]
[WhiteElo "2652"]
[BlackElo "2473"]
[PlyCount "109"]
[EventDate "2015.??.??"]

1. d4 d5 2. c4 c6 3. Nf3 Nf6 4. e3 Bf5 5. Nc3 e6 6. Nh4 Be4 7. f3 Bg6 8. Qb3
Qc7 9. Bd2 Be7 10. g3 O-O 11. Rc1 Qd7 12. Nxg6 hxg6 13. Kf2 Rd8 14. Rc2 c5 15.
cxd5 exd5 16. dxc5 Bxc5 17. Bb5 Qh3 18. Ne2 Bb6 19. a4 Qf5 20. Kg2 Nbd7 21. g4
Qe5 22. a5 Bc7 23. Qc3 Qe8 24. Rhc1 Bd6 25. Qd4 a6 26. Ba4 Qe7 27. g5 Nh7 28.
f4 Ndf8 29. Nc3 Ne6 30. Nxd5 Nxd4 31. Nxe7+ Bxe7 32. exd4 Rxd4 33. b3 Nf8 34.
Be3 Rd3 35. Kf3 Ne6 36. Rc8+ Rxc8 37. Rxc8+ Kh7 38. Ke4 Rd1 39. Be8 f6 40.
Bxg6+ Kxg6 41. f5+ Kh5 42. fxe6 Rd6 43. Bf4 Rd1 44. Rc7 Re1+ 45. Kd5 fxg5 46.
Rxe7 gxf4 47. Rxg7 f3 48. Rf7 Kg4 49. e7 f2 50. Kd6 Rd1+ 51. Kc7 Re1 52. Kd8
Rd1+ 53. Kc8 Re1 54. Rxf2 Rxe7 55. Rf6 1-0

[Event "BL 1415 SG Solingen - OSG Baden Baden"]
[Site "?"]
[Date "2015.03.15"]
[Round "13.8"]
[White "Wegerle, Joerg"]
[Black "Schlosser, Philipp"]
[Result "1/2-1/2"]
[WhiteElo "2434"]
[BlackElo "2571"]
[PlyCount "35"]
[EventDate "2015.??.??"]

1. e4 c5 2. c3 d5 3. exd5 Qxd5 4. d4 Nf6 5. Nf3 e6 6. a3 Nc6 7. Be3 cxd4 8.
cxd4 g6 9. Nc3 Qd6 10. Bc4 Bg7 11. Nb5 Qd8 12. Bf4 O-O 13. Bc7 Qd7 14. Bd6 Rd8
15. Bc7 Rf8 16. Bd6 Rd8 17. Bc7 Rf8 18. Bd6 1/2-1/2

[Event "BL 1415 Bayern München - Schachfr. Ber"]
[Site "?"]
[Date "2015.03.15"]
[Round "13.1"]
[White "Vocaturo, Daniele"]
[Black "Bischoff, Klaus"]
[Result "1-0"]
[WhiteElo "2579"]
[BlackElo "2496"]
[PlyCount "53"]
[EventDate "2015.??.??"]

1. e4 c5 2. Nf3 e6 3. d4 cxd4 4. Nxd4 a6 5. c4 Nf6 6. Nc3 Qc7 7. a3 Nc6 8. Be3
Be7 9. Be2 O-O 10. O-O d6 11. Rc1 Ne5 12. b4 Bd7 13. f4 Nxc4 14. Bxc4 Qxc4 15.
Nb1 Qxc1 16. Bxc1 Nxe4 17. Nd2 Nc3 18. Qf3 Rac8 19. Bb2 Nd5 20. Re1 Rfe8 21.
Nf5 exf5 22. Qxd5 Bc6 23. Qxf5 Bf8 24. Rxe8 Rxe8 25. Nf3 Be4 26. Qg4 d5 27. f5
1-0

[Event "BL 1415 Bayern München - Schachfr. Ber"]
[Site "?"]
[Date "2015.03.15"]
[Round "13.2"]
[White "Schenk, Andreas"]
[Black "Mista, Aleksander"]
[Result "1/2-1/2"]
[WhiteElo "2485"]
[BlackElo "2597"]
[PlyCount "98"]
[EventDate "2015.??.??"]

1. d4 Nf6 2. c4 e6 3. Nf3 Bb4+ 4. Bd2 Qe7 5. Nc3 O-O 6. e3 Bxc3 7. Bxc3 Ne4 8.
Qc2 Nxc3 9. Qxc3 a5 10. Bd3 d6 11. O-O Nd7 12. Qc2 g6 13. Rac1 b6 14. Be4 Ra7
15. Rfd1 f5 16. Bc6 Nb8 17. Ba4 Na6 18. Qe2 Bb7 19. a3 Raa8 20. Rb1 c5 21. Bc2
Rad8 22. Rd2 e5 23. dxe5 dxe5 24. Rxd8 Rxd8 25. e4 f4 26. Rd1 Rxd1+ 27. Qxd1
Nb8 28. Qd3 Nc6 29. Ba4 Nd4 30. Nxd4 exd4 31. Bc2 Kg7 32. a4 Qe6 33. b3 Qe5 34.
h3 Bc8 35. Bd1 h5 36. Qf3 Bb7 37. Bc2 Kh6 38. g3 fxg3 39. Qf8+ Kh7 40. f4 Qe6
41. e5 Bc8 42. Be4 Qg8 43. Bxg6+ Qxg6 44. Qxc8 Qb1+ 45. Kg2 Qe4+ 46. Kxg3 Qe3+
47. Kg2 Qe2+ 48. Kg3 Qe3+ 49. Kg2 Qe2+ 1/2-1/2

[Event "BL 1415 Bayern München - Schachfr. Ber"]
[Site "?"]
[Date "2015.03.15"]
[Round "13.3"]
[White "Kraemer, Martin"]
[Black "Fedorovsky, Michael"]
[Result "1-0"]
[WhiteElo "2577"]
[BlackElo "2444"]
[PlyCount "91"]
[EventDate "2015.??.??"]

1. e4 e5 2. Nf3 d6 3. d4 exd4 4. Qxd4 Nf6 5. Nc3 Be7 6. Bf4 O-O 7. O-O-O Nc6 8.
Qd2 a6 9. Bd3 Be6 10. Ng5 b5 11. Nd5 Ne5 12. Nxe6 fxe6 13. Nxe7+ Qxe7 14. f3
Nxd3+ 15. Qxd3 Nd7 16. Bg3 Nc5 17. Qe2 e5 18. Bf2 Ne6 19. Be3 Qf7 20. Kb1 Nf4
21. Qd2 a5 22. Bxf4 exf4 23. Qe2 b4 24. Rd5 Kh8 25. Qd2 Qg6 26. h4 h6 27. h5
Qf6 28. Rf5 Qe6 29. Rxf4 Rxf4 30. Qxf4 a4 31. Rd1 b3 32. Rd5 bxc2+ 33. Kxc2 c6
34. Qxd6 Qg8 35. Rd4 Qxa2 36. Qa3 Qf7 37. Rxa4 Rd8 38. g4 Qd7 39. Kb1 Kh7 40.
Qb3 Qd2 41. Ka2 Rf8 42. Ra3 Qh2 43. Qc3 Qc7 44. Qc5 Qf7+ 45. Kb1 Qd7 46. Qxf8
1-0

[Event "BL 1415 Bayern München - Schachfr. Ber"]
[Site "?"]
[Date "2015.03.15"]
[Round "13.4"]
[White "Jorczik, Julian"]
[Black "Piorun, Kacper"]
[Result "0-1"]
[WhiteElo "2385"]
[BlackElo "2528"]
[PlyCount "84"]
[EventDate "2015.??.??"]

1. d4 f5 2. g3 Nf6 3. Bg2 d6 4. Nf3 g6 5. O-O Bg7 6. c4 O-O 7. Nc3 c6 8. d5 e5
9. dxe6 Bxe6 10. Qd3 Na6 11. Ng5 Bc8 12. Bf4 Nh5 13. Qxd6 Nxf4 14. Qxf4 h6 15.
Nf3 g5 16. Qc1 Be6 17. Nd2 Qa5 18. Qc2 Rad8 19. Rad1 Nb4 20. Qb3 Nxa2 21. Nxa2
Rxd2 22. Rxd2 Qxd2 23. Qxb7 Qxe2 24. Nc3 Qxc4 25. Bxc6 f4 26. Re1 fxg3 27. hxg3
Kh8 28. Re3 Bc8 29. Qb5 Ba6 30. Qxc4 Bxc4 31. Re4 Bd3 32. Re8 Rxe8 33. Bxe8
Bxc3 34. bxc3 g4 35. Ba4 Be2 36. Kg2 Kg7 37. c4 Kf6 38. c5 Ke5 39. f4+ gxf3+
40. Kf2 Kd5 41. c6 Kd6 42. g4 a6 0-1

[Event "BL 1415 Bayern München - Schachfr. Ber"]
[Site "?"]
[Date "2015.03.15"]
[Round "13.5"]
[White "Schneider, Ilja"]
[Black "Richter, Wolfgang"]
[Result "1-0"]
[WhiteElo "2495"]
[BlackElo "2391"]
[PlyCount "107"]
[EventDate "2015.??.??"]

1. d4 f5 2. g3 Nf6 3. Bg2 g6 4. Nf3 Bg7 5. O-O O-O 6. b3 d6 7. Bb2 Ne4 8. Nbd2
Nxd2 9. Qxd2 Nc6 10. c4 e5 11. dxe5 dxe5 12. Qd5+ Kh8 13. Qxd8 Rxd8 14. Ng5 Re8
15. Nf7+ Kg8 16. Bd5 Be6 17. Bxc6 bxc6 18. Nxe5 Bxe5 19. Bxe5 Bxc4 20. bxc4
Rxe5 21. e3 Rb8 22. Rfd1 Kf7 23. Rab1 Rb6 24. Rb3 Ra6 25. Rd2 Ra4 26. Rb7 Re7
27. h4 Ke6 28. Kg2 c5 29. Kf3 c6 30. Rb8 Rc7 31. Rc2 Rb4 32. Re8+ Re7 33. Rxe7+
Kxe7 34. Kf4 Kf6 35. a3 Ra4 36. Rc3 h6 37. e4 g5+ 38. hxg5+ hxg5+ 39. Ke3 Ke6
40. f4 gxf4+ 41. Kxf4 fxe4 42. g4 Ra6 43. g5 Rb6 44. g6 Kf6 45. Rg3 Kg7 46.
Kxe4 Rb1 47. Rg5 Re1+ 48. Kf5 Re3 49. a4 Ra3 50. Ke6 Rxa4 51. Rxc5 Kxg6 52.
Rxc6 Ra1 53. c5 Kg5 54. Rd6 1-0

[Event "BL 1415 Bayern München - Schachfr. Ber"]
[Site "?"]
[Date "2015.03.15"]
[Round "13.6"]
[White "Meister, Peter"]
[Black "Maksimenko, Andrei"]
[Result "0-1"]
[WhiteElo "2395"]
[BlackElo "2495"]
[PlyCount "104"]
[EventDate "2015.??.??"]

1. d4 Nf6 2. c4 e6 3. Nf3 d5 4. Nc3 dxc4 5. e3 a6 6. a4 c5 7. Bxc4 Nc6 8. O-O
Qc7 9. Qe2 Bd6 10. h3 O-O 11. Rd1 b6 12. dxc5 Bxc5 13. e4 Bb7 14. e5 Nh5 15.
Kf1 Rfd8 16. Bg5 Be7 17. Rxd8+ Rxd8 18. Bxe7 Nxe7 19. Bxa6 Nf4 20. Qc4 Qxc4+
21. Bxc4 Neg6 22. Ne1 Nxe5 23. Bb5 Kf8 24. a5 bxa5 25. Rxa5 g5 26. Ra7 Rb8 27.
b4 Nd5 28. Nxd5 Bxd5 29. Be2 Rxb4 30. Ra1 Rb2 31. Rc1 Kg7 32. Nc2 Ng6 33. g3
Ne5 34. Ne3 Bb7 35. Ke1 Kg6 36. Rc2 Rb1+ 37. Kd2 Be4 38. Ra2 h5 39. f4 gxf4 40.
gxf4 Nf3+ 41. Bxf3 Bxf3 42. h4 Rb4 43. f5+ exf5 44. Ra3 Rxh4 45. Nxf5 Kxf5 46.
Rxf3+ Rf4 47. Rg3 h4 48. Rg7 Kf6 49. Rg8 Rf5 50. Rh8 Kg5 51. Rg8+ Kh5 52. Ke2
h3 0-1

[Event "BL 1415 Bayern München - Schachfr. Ber"]
[Site "?"]
[Date "2015.03.15"]
[Round "13.7"]
[White "Moreno Tejera, Emilio"]
[Black "Stangl, Markus"]
[Result "0-1"]
[WhiteElo "2454"]
[BlackElo "2434"]
[PlyCount "72"]
[EventDate "2015.??.??"]

1. e4 c5 2. Nc3 e6 3. Nf3 a6 4. d4 cxd4 5. Nxd4 d6 6. g4 b5 7. Bg2 Bb7 8. a3
Ne7 9. Nde2 Ng6 10. Rg1 Be7 11. Bh1 Nd7 12. g5 Qc7 13. Rg3 Nb6 14. Qd4 O-O 15.
b3 f5 16. exf5 Rxf5 17. Bxb7 Qxb7 18. Be3 Nd7 19. f4 Rc8 20. Qd2 Ndf8 21. Qd3
Nh4 22. Nd4 Rfc5 23. Ne4 R5c7 24. Nf6+ Bxf6 25. gxf6 g6 26. O-O-O Rc3 27. Qd2
e5 28. fxe5 dxe5 29. Bg5 exd4 30. Bxh4 Rxc2+ 31. Qxc2 Rxc2+ 32. Kxc2 Qe4+ 33.
Rgd3 Qxh4 34. Rxd4 Qxf6 35. Rd8 Kg7 36. R1d2 Qa1 0-1

[Event "BL 1415 Bayern München - Schachfr. Ber"]
[Site "?"]
[Date "2015.03.15"]
[Round "13.8"]
[White "Renner, Christoph"]
[Black "Thiede, Lars"]
[Result "0-1"]
[WhiteElo "2349"]
[BlackElo "2441"]
[PlyCount "88"]
[EventDate "2015.??.??"]

1. d4 d6 2. e4 Nf6 3. Nc3 e5 4. Nf3 exd4 5. Nxd4 Be7 6. Bd3 O-O 7. O-O Re8 8.
Re1 Nbd7 9. b3 Bf8 10. Bb2 Nc5 11. h3 c6 12. Qf3 Nxd3 13. Qxd3 Bd7 14. a4 Qa5
15. Rad1 Rad8 16. Re3 Bc8 17. Rf3 Qe5 18. Nf5 Bxf5 19. Rxf5 Qe6 20. f3 g6 21.
Ra5 a6 22. e5 dxe5 23. Qxd8 Rxd8 24. Rxd8 Qe7 25. Ra8 Qb4 26. Ne4 Nxe4 27. Rxe5
Qe1+ 28. Kh2 Qg3+ 29. Kg1 Ng5 30. Ree8 Ne6 31. Bf6 h6 32. Kf1 g5 33. Be7 Kh7
34. Bxf8 Nf4 35. Bb4 Qxg2+ 36. Ke1 Qxc2 37. Bd2 Nxh3 38. Re7 Qxb3 39. Ra7 Qxf3
40. Raxb7 Kg6 41. Rbd7 Qf2+ 42. Kd1 Qf1+ 43. Be1 Qc4 44. a5 Nf4 0-1

[Event "BL 1415 Schwäbisch Hall - USV TU Dresd"]
[Site "?"]
[Date "2015.03.15"]
[Round "13.5"]
[White "Dziuba, Marcin"]
[Black "Gharamian, Tigran"]
[Result "0-1"]
[WhiteElo "2560"]
[BlackElo "2651"]
[PlyCount "116"]
[EventDate "2015.??.??"]

1. c4 c5 2. g3 Nc6 3. Bg2 g6 4. Nc3 Bg7 5. Nf3 d6 6. a3 Qd7 7. b4 Nxb4 8. Bb2
Nc6 9. e3 Nf6 10. d4 cxd4 11. Nxd4 O-O 12. O-O Na5 13. Qe2 e5 14. Nf3 Qc7 15.
Nd2 Bd7 16. Rac1 Rac8 17. a4 Rfd8 18. Ba3 a6 19. h3 Bc6 20. e4 Qd7 21. Bb4 b6
22. Bxa5 bxa5 23. c5 dxc5 24. Nc4 Qc7 25. Ne3 Bb7 26. Nc4 Rd4 27. Rb1 Rcd8 28.
Rb2 Bc8 29. Rfb1 Be6 30. Ne3 c4 31. Rc2 Qc6 32. Kh2 Bf8 33. Ncd5 Bxd5 34. exd5
Qxa4 35. Nxc4 e4 36. Nb6 Qe8 37. Qxa6 Bb4 38. Rbc1 Nxd5 39. Nxd5 R4xd5 40. Re2
Re5 41. Rc7 e3 42. Qc4 Bd2 43. Bc6 Qe6 44. Bb5 Qf5 45. g4 Qf6 46. Kg2 h5 47.
Ba4 hxg4 48. hxg4 Re6 49. f3 Kg7 50. Bb3 Re7 51. Rxe7 Qxe7 52. Kf1 Qf6 53. Kg2
Rb8 54. Ba2 Rd8 55. Qc7 Rd4 56. Qb7 Qf4 57. Qb2 Bb4 58. Qc2 Bd6 0-1

[Event "BL 1415 Schwäbisch Hall - USV TU Dresd"]
[Site "?"]
[Date "2015.03.15"]
[Round "13.6"]
[White "Zeller, Frank"]
[Black "Maiwald, Jens-Uwe"]
[Result "0-1"]
[WhiteElo "2409"]
[BlackElo "2464"]
[PlyCount "76"]
[EventDate "2015.??.??"]

1. e4 g6 2. d4 Bg7 3. Be3 d6 4. Qd2 a6 5. Ne2 Nd7 6. h4 Ngf6 7. f3 b5 8. a4
bxa4 9. Nbc3 Nb6 10. Nf4 Rb8 11. h5 Nfd7 12. hxg6 hxg6 13. Rxh8+ Bxh8 14. g3
Bg7 15. Qh2 Nf8 16. Rd1 c6 17. Nh3 Bxh3 18. Qxh3 Nbd7 19. Ra1 Rxb2 20. Nxa4 Rb8
21. Qh2 c5 22. Qd2 cxd4 23. Bxd4 Bxd4 24. Qxd4 Ne5 25. Kf2 Ne6 26. Qa7 Rc8 27.
Ra2 Qa5 28. Qxa6 Qd2+ 29. Be2 Qd4+ 30. Kg2 Rb8 31. c3 Qe3 32. Rb2 Rxb2 33. Nxb2
Kf8 34. Nd1 Qd2 35. f4 Nc5 36. Qb5 Ncd3 37. fxe5 Qxe2+ 38. Kh3 Nf4+ 0-1

[Event "BL 1415 Schwäbisch Hall - USV TU Dresd"]
[Site "?"]
[Date "2015.03.15"]
[Round "13.7"]
[White "Tischbierek, Raj"]
[Black "Womacka, Mathias"]
[Result "1-0"]
[WhiteElo "2426"]
[BlackElo "2442"]
[PlyCount "147"]
[EventDate "2015.??.??"]

1. e4 c5 2. Nc3 Nc6 3. Bb5 Nd4 4. Nf3 Nxb5 5. Nxb5 d6 6. d4 Nf6 7. O-O a6 8.
Nc3 Bg4 9. dxc5 dxc5 10. Qxd8+ Rxd8 11. Ne5 Bc8 12. Be3 e6 13. a4 Be7 14. f3
O-O 15. a5 Bd7 16. Kf2 Rc8 17. Na4 Bxa4 18. Rxa4 Rfd8 19. Nc4 Ne8 20. Raa1 Nd6
21. Nb6 Rc6 22. Rfd1 f6 23. Ke2 Kf7 24. Rd2 c4 25. Rd4 c3 26. b3 Nb5 27. Rxd8
Bxd8 28. Rd1 Ke8 29. Nc4 Be7 30. Bb6 Nd6 31. Nxd6+ Bxd6 32. h3 Ke7 33. Bd4 Bb4
34. Ra1 Bc5 35. Bxc5+ Rxc5 36. Kd3 h5 37. b4 Rg5 38. g4 hxg4 39. hxg4 f5 40.
exf5 exf5 41. Rg1 fxg4 42. fxg4 Kd6 43. Kxc3 Kc6 44. Kd4 b6 45. axb6 Kxb6 46.
c4 a5 47. bxa5+ Kxa5 48. Ke4 Kb4 49. Kf4 Ra5 50. Rc1 Kc5 51. Kf5 Ra6 52. g5 Rb6
53. Rd1 Kxc4 54. Rd7 g6+ 55. Ke5 Rb5+ 56. Kf6 Rb6+ 57. Kg7 Kc5 58. Rf7 Kd5 59.
Rf6 Rb1 60. Kxg6 Ke5 61. Kg7 Rb2 62. g6 Rb1 63. Rf2 Ke6 64. Kh7 Rh1+ 65. Kg8
Ke7 66. Rf7+ Ke8 67. Rf2 Ke7 68. g7 Rh3 69. Re2+ Kd7 70. Re4 Rh1 71. Kf7 Rf1+
72. Kg6 Rg1+ 73. Kf6 Kd6 74. Rf4 1-0

[Event "BL 1415 Schwäbisch Hall - USV TU Dresd"]
[Site "?"]
[Date "2015.03.15"]
[Round "13.8"]
[White "Raykhman, Alexander"]
[Black "Uhlmann, Wolfgang"]
[Result "1-0"]
[WhiteElo "2412"]
[BlackElo "2326"]
[PlyCount "41"]
[EventDate "2015.??.??"]

1. d4 Nf6 2. c4 g6 3. Nc3 Bg7 4. e4 O-O 5. Nf3 d6 6. Be2 c6 7. O-O a6 8. Re1 b5
9. a3 Nbd7 10. Bg5 h6 11. Bh4 g5 12. Bg3 Nh5 13. Qc2 Nxg3 14. hxg3 bxc4 15.
Bxc4 g4 16. Nh4 Nb6 17. Ba2 Bxd4 18. e5 Kg7 19. e6 Bf6 20. Nf5+ Kh8 21. Bb1 1-0

[Event "BL 1415 Werder Bremen - SF Katernberg"]
[Site "?"]
[Date "2015.03.15"]
[Round "13.2"]
[White "Edouard, Romain"]
[Black "Trent, Lawrence"]
[Result "1-0"]
[WhiteElo "2612"]
[BlackElo "2479"]
[PlyCount "105"]
[EventDate "2015.??.??"]

1. d4 Nf6 2. c4 g6 3. g3 Bg7 4. Bg2 O-O 5. Nc3 d6 6. Nf3 Nc6 7. O-O Bf5 8. Be3
Ne4 9. Nxe4 Bxe4 10. d5 Nb4 11. Bh3 Bxf3 12. exf3 a5 13. Qd2 c6 14. f4 cxd5 15.
cxd5 Na6 16. f5 Nc5 17. Bh6 Ne4 18. Qe3 Nf6 19. Rad1 Bxh6 20. Qxh6 Qb6 21. Rd2
Kh8 22. Re1 Ng8 23. Qf4 Qb4 24. Re4 Qc5 25. Rc4 g5 26. Qg4 Nf6 27. Qe2 Qb6 28.
Qxe7 Kg7 29. Qe1 Rfe8 30. Re2 Rxe2 31. Qxe2 Re8 32. Qd2 h6 33. Bg2 Re5 34. g4
Qb5 35. b3 Qe8 36. Bf3 Qd8 37. Qc3 Nd7 38. Rc8 Qe7 39. Qxa5 Nc5 40. Qc3 Qf6 41.
b4 Na4 42. Qd2 Re7 43. Kg2 Nb6 44. Rc1 Re8 45. h3 Ra8 46. Rc7 Qa1 47. Qe3 Na4
48. Rxb7 Qf6 49. Rc7 Nb2 50. b5 Rxa2 51. b6 Ra4 52. b7 Rb4 53. Rc8 1-0

[Event "BL 1415 Werder Bremen - SF Katernberg"]
[Site "?"]
[Date "2015.03.15"]
[Round "13.3"]
[White "Siebrecht, Sebastian"]
[Black "Efimenko, Zahar"]
[Result "1/2-1/2"]
[WhiteElo "2452"]
[BlackElo "2657"]
[PlyCount "110"]
[EventDate "2015.??.??"]

1. d4 Nf6 2. c4 d6 3. Nc3 Bf5 4. Nf3 g6 5. h3 Bg7 6. g4 Bd7 7. e4 O-O 8. Be3
Na6 9. Be2 c5 10. d5 e6 11. Nd2 exd5 12. exd5 Rb8 13. Qb3 Nc7 14. a4 b6 15. Rg1
a6 16. h4 b5 17. g5 bxc4 18. Qxc4 Nfe8 19. Qa2 Rb4 20. O-O-O Bxc3 21. bxc3 Rxa4
22. Qb3 Ng7 23. Nc4 Nf5 24. Kb2 Bb5 25. Bd3 Qb8 26. Kc1 Ra1+ 27. Kd2 Rxd1+ 28.
Rxd1 Nxd5 29. Bxf5 gxf5 30. Ke1 Bxc4 31. Qxc4 Nxe3 32. fxe3 Re8 33. Qf4 Re5 34.
h5 Re4 35. Qxd6 Rxe3+ 36. Kf2 Qxd6 37. Rxd6 Rxc3 38. Rxa6 Kf8 39. Rf6 Rh3 40.
Rxf5 Rxh5 41. Rxc5 Kg7 42. Rf5 Rh3 43. Kg2 Rb3 44. Rc5 Kg6 45. Ra5 Re3 46. Rc5
Rb3 47. Ra5 h6 48. gxh6 Kxh6 49. Kf2 f6 50. Rc5 Kg6 51. Ra5 f5 52. Rc5 Kg5 53.
Rc4 f4 54. Rc8 Kg4 55. Rg8+ Kf5 1/2-1/2